Technological compatibilization of SBR/NBR blend by introducing specific interaction (Record no. 70340)

MARC details
000 -LEADER
fixed length control field 00550nam a2200157Ia 4500
100 ## - MAIN ENTRY--AUTHOR NAME
Personal name Samuel Jacob
245 #0 - TITLE STATEMENT
Title Technological compatibilization of SBR/NBR blend by introducing specific interaction
260 ## - PUBLICATION, DISTRIBUTION, ETC. (IMPRINT)
Name of publisher International Conference and Exhibition on Rubber and Allied Materials Asia Rub Tech Expo 2002. 28-30 November 2002, New Delhi. pp.151-154.
650 ## - SUBJECT ADDED ENTRY--TOPICAL TERM
Topical Term SBR/NBR blend
700 ## - ADDED ENTRY--PERSONAL NAME
Personal name George K E
700 ## - ADDED ENTRY--PERSONAL NAME
Personal name Kurian Thomas
700 ## - ADDED ENTRY--PERSONAL NAME
Personal name Thommachan
700 ## - ADDED ENTRY--PERSONAL NAME
Personal name Xavier
942 ## - ADDED ENTRY ELEMENTS (KOHA)
Koha item type Journals
Holdings
Withdrawn status Lost status Damaged status Not for loan Home library Current library Shelving location Date acquired Koha item type
      Journals RRII Library RRII Library Rubber chemistry 17/12/2021 Journals